000 00877nam a2200229 4500
005 20220623082638.0
008 220623s2015 enk |||gr|||| 00| 0 eng d
020 _a9780199393213
040 _aCO-BoUCM
_bspa
_cDeissy Garcia
_dDeissy Garcia
041 0 _aeng
100 _9124421
_aWilliams, Raymond
_d1921-1988
245 1 0 _aKeywords
_ba vocabulary of culture and society
_cRaymond Williams
260 _aOxford
_aNueva York
_bOxford University Press
_c2015
300 _axxxix, 270 páginas
500 _aBibliografía Básica - Facultad de Creación - Pregrado en Artes
504 _aIncluye referencias bibliográficas e índices
650 7 _97745
_aInglés
_xEtimología
650 7 _aInglés
_vGlosarios, vocabularios, etc.
_9175031
650 7 _924765
_aSociolingüística
942 _2DEWEY
_cLIBRO
_a12
_e1
_h423.1
_mW721k
_n0
999 _c321356
_d321356